[Event "IECC CL5-2012.05 email"]
[Site "IECC email"]
[Date "2012.06.19"]
[Round "?"]
[White "Gomes, Luis Roberto"]
[Black "Mariani, Danilo"]
[Result "1/2-1/2"]
[WhiteElo "1595"]
[BlackElo "1455"]
[PlyCount "118"]
[EventDate "2012.??.??"]
[EventType "tourn (corr)"]
[EventRounds "4"]
[SourceTitle "Telechess CBM 165"]
[Source "ChessBase"]
[SourceDate "2015.03.11"]
[SourceVersion "1"]
[SourceVersionDate "2015.03.11"]
[SourceQuality "1"]
[WhiteTeam "Brazil"]
[BlackTeam "Italy"]
[WhiteTeamCountry "BRA"]
[BlackTeamCountry "ITA"]

1. d4 Nf6 2. c4 e6 3. Nc3 Bb4 4. Nf3 b6 5. e3 Bb7 6. Bd3 0-0 7. 0-0 c5 8. Bd2 d6 9. a3 Bxc3 10. Bxc3 Nbd7 11. Qc2 Rc8 12. b4 cxd4 13. exd4 d5 14. Ne5 Nxe5 15. dxe5 dxc4 16. Be2 Be4 17. Qc1 Nd5 18. Rd1 Qc7 19. a4 Rfd8 20. g3 a6 21. a5 b5 22. Qb2 Qc6 23. Rd4 Bd3 24. Bxd3 cxd3 25. Rc1 Ne7 26. Rxd8+ Rxd8 27. Bd2 Qb7 28. Qc3 Rd7 29. Bg5 Kf8 30. Bxe7+ Kxe7 31. Qd2 h6 32. f4 Qe4 33. Kf2 f6 34. Re1 Qd4+ 35. Kf3 Rc7 36. Re4 Qd5 37. Ke3 fxe5 38. Qxd3 exf4+ 39. Rxf4 Qxd3+ 40. Kxd3 Rd7+ 41. Kc3 g5 42. Rf3 e5 43. g4 Ke6 44. Rh3 Rh7 45. Kd3 Kd5 46. Rh5 e4+ 47. Ke3 Kc4 48. h4 gxh4 49. g5 Kxb4 50. Rxh4 Kxa5 51. gxh6 b4 52. Kxe4 b3 53. Kd3 Rc7 54. Rh5+ Kb4 55. Rh2 Rh7 56. Kd2 a5 57. Kc1 a4 58. Kb1 Rf7 59. Rh1 Rh7 1/2-1/2

[Event "IECC CL5-2006.22 email"]
[Site "IECC email"]
[Date "2006.12.05"]
[Round "?"]
[White "Stoffers, Ben"]
[Black "Gomes, Luis Roberto"]
[Result "1-0"]
[WhiteElo "1582"]
[BlackElo "1604"]
[PlyCount "67"]
[EventDate "2006.??.??"]
[EventType "tourn (corr)"]
[EventRounds "4"]
[SourceTitle "Corr 2008"]
[Source "ChessBase"]
[SourceDate "2008.06.24"]
[SourceVersion "1"]
[SourceVersionDate "2008.06.24"]
[SourceQuality "1"]

1. e4 c5 2. Nf3 Nc6 3. d4 cxd4 4. Nxd4 g6 5. c4 Bg7 6. Be3 d6 7. Nc3 Nf6 8. f3 0-0 9. Qd2 Bd7 10. Be2 Rc8 11. 0-0 Ne5 12. b3 Re8 13. Rfd1 Qa5 14. Rac1 a6 15. Bf1 Red8 16. Bg5 Nc6 17. Nd5 Qxd2 18. Rxd2 Nxd5 19. Nxc6 bxc6 20. cxd5 f6 21. dxc6 Bxc6 22. Bxa6 Bb7 23. Rxc8 Rxc8 24. Bxb7 Rc1+ 25. Kf2 fxg5 26. Bd5+ Kf8 27. a4 Ke8 28. Bc4 Be5 29. h3 Bc3 30. Rd5 Rc2+ 31. Kf1 h6 32. a5 Ra2 33. a6 Kd7 34. Rb5 1-0

[Event "IECC KO-2075"]
[Site "IECC email"]
[Date "2006.02.03"]
[Round "?"]
[White "Gomes, Luis Roberto"]
[Black "Jensen, Jeff"]
[Result "1-0"]
[WhiteElo "1570"]
[BlackElo "1405"]
[PlyCount "45"]
[EventDate "2006.??.??"]
[EventType "match (corr)"]
[EventRounds "2"]
[SourceTitle "Corr 2020"]
[Source "ChessBase"]
[SourceDate "2019.09.30"]
[SourceVersion "1"]
[SourceVersionDate "2019.09.30"]
[SourceQuality "1"]
[WhiteTeam "Brazil"]
[BlackTeam "Australia"]
[WhiteTeamCountry "BRA"]
[BlackTeamCountry "AUS"]

1. c4 e5 2. Nc3 Nf6 3. g3 d5 4. cxd5 Nxd5 5. Bg2 Be6 6. Nf3 Nd7 7. 0-0 c6 8. d4 Qc7 9. dxe5 Nxc3 10. bxc3 Nxe5 11. Nxe5 Qxe5 12. Rb1 Rd8 13. Qa4 Qxc3 14. Rxb7 Bd5 15. Bxd5 Rxd5 16. Bb2 Qc5 17. Rc1 Qd6 18. Rxc6 Rd1+ 19. Kg2 Qd5+ 20. f3 Kd8 21. Rb8+ Ke7 22. Ba3+ Kd7 23. Rc5+ 1-0

[Event "IECC O-2340"]
[Site "IECC email"]
[Date "2006.01.25"]
[Round "?"]
[White "Stilman, Eduardo"]
[Black "Gomes, Luis Roberto"]
[Result "1-0"]
[WhiteElo "1595"]
[BlackElo "1532"]
[PlyCount "65"]
[EventDate "2006.??.??"]
[EventType "swiss (corr)"]
[EventRounds "2"]
[SourceTitle "Corr 2020"]
[Source "ChessBase"]
[SourceDate "2019.09.30"]
[SourceVersion "1"]
[SourceVersionDate "2019.09.30"]
[SourceQuality "1"]
[WhiteTeam "Uruguay"]
[BlackTeam "Brazil"]
[WhiteTeamCountry "URU"]
[BlackTeamCountry "BRA"]

1. e4 c5 2. Nc3 Nc6 3. f4 g6 4. Nf3 Bg7 5. Bb5 Nd4 6. 0-0 Nxb5 7. Nxb5 a6 8. Nc3 d6 9. d3 Nf6 10. Qe1 0-0 11. a4 Bd7 12. a5 Bc6 13. Bd2 Qd7 14. Ne2 d5 15. e5 Ne8 16. b4 c4 17. Nfd4 Nc7 18. Qg3 f6 19. exf6 Bxf6 20. Rae1 Nb5 21. Be3 cxd3 22. cxd3 Kh8 23. Nxb5 Bxb5 24. Bd4 Rac8 25. Be5 Bxe5 26. fxe5 d4 27. e6 Qd5 28. Rf7 Rxf7 29. exf7 e5 30. Qg5 Kg7 31. Rf1 Qe6 32. Ng3 h6 33. Nf5+ 1-0